| 000 | 01380nam a2200373 a 4500 | ||
|---|---|---|---|
| 001 | vtls000188924 | ||
| 003 | NLI | ||
| 005 | 20210602111717.0 | ||
| 008 | 101125s1992 ne 000 0 eng | ||
| 020 | _cUSD 235.00 | ||
| 039 | 9 |
_y201011252242 _zVLOAD |
|
| 040 |
_aNLI _beng _cDatasoft 1 _eAACR2 |
||
| 041 | 0 | _aeng | |
| 044 | _ane | ||
| 082 | 0 | 4 | _a336.3094 |
| 245 | 0 | 0 |
_aFiscal policy, taxation and the financial system in an increasingly integrated Europe / _cedited by Donald E. Fair and Christian de Boissieu |
| 260 |
_aDordrecht, The Netherlands : _bKluwer Academic Pub., _cc1992 |
||
| 300 |
_axii, 440 p. ; _c25 cm. |
||
| 440 | 0 |
_aFinancial and monetary policy studies ; _v. 22 _966071 |
|
| 504 | _aBibliography : p. 440 | ||
| 650 | 0 |
_aFiscal policy _zEurope _9363828 |
|
| 650 | 0 |
_aTaxation _zEurope _9363829 |
|
| 650 | 0 |
_aMonetary policy _zEurope _9358382 |
|
| 650 | 0 |
_aFiscal policy _zUnited States _9220439 |
|
| 650 | 0 |
_aMonetary policy _zUnited states _9212713 |
|
| 700 | 1 |
_aFair, Donald E, _4edt _9363830 |
|
| 700 | 1 |
_aBoissieu, Christian de, _4edt _9363831 |
|
| 887 | _a | ||
| 901 |
_a521660 _b18.03.1994 |
||
| 902 | _aE 336.3094 F 52 | ||
| 942 |
_2ddc _cBKS |
||
| 949 |
_AVIRTUAITEM _D10000 _X100 _6PUR000521660ENG |
||
| 999 |
_aVIRTUA40 _c193003 _d193003 |
||
| 999 | _aVTLSSORT0080*0200*0400*0410*0440*0820*2450*2600*3000*4400*5040*6500*6501*6502*6503*6504*7000*7001*9010*9020*9490*9991 | ||